[Event "22nd European Teams"]
[Site "Batumi GEO"]
[Date "2019.10.25"]
[Round "2.5"]
[Board "2"]
[White "L'Ami, Erwin"]
[Black "Mastrovasilis, Dimitrios"]
[Result "1/2-1/2"]
[WhiteTitle "GM"]
[BlackTitle "GM"]
[WhiteElo "2619"]
[BlackElo "2596"]
[WhiteTeam "Netherlands"]
[BlackTeam "Greece"]
[WhiteFideId "1007998"]
[BlackFideId "4202694"]
[EventDate "2019.10.24"]

1. d4 d5 2. c4 c6 3. Nf3 Nf6 4. Nc3 dxc4 5. a4 e6 6. e3 c5 7. Bxc4 Nc6 8. O-O
cxd4 9. exd4 Be7 10. Be3 O-O 11. Qe2 Nb4 12. Ne5 Bd7 13. Rad1 Nbd5 14. Bc1 Bc6
15. f4 Rc8 16. f5 Nxc3 17. bxc3 Bd5 18. fxe6 fxe6 19. Bb2 Bxc4 20. Nxc4 Qd5 21.
Ne5 Bd6 22. c4 Qe4 23. Rfe1 Bxe5 24. dxe5 Qxe2 25. Rxe2 Nh5 26. Re4 Rf4 27. Rdd4
Rcf8 28. Rxf4 Nxf4 29. Rd2 Rc8 30. g3 Ng6 31. Rd7 Rxc4 32. Rd8+ Kf7 33. Rd7+ Kg8
34. Rd8+ Kf7 35. Rd7+ Kg8 1/2-1/2

[Event "22nd European Teams"]
[Site "Batumi GEO"]
[Date "2019.10.25"]
[Round "2.5"]
[Board "3"]
[White "Halkias, Stelios"]
[Black "Van Foreest, Jorden"]
[Result "1/2-1/2"]
[WhiteTitle "GM"]
[BlackTitle "GM"]
[WhiteElo "2530"]
[BlackElo "2621"]
[WhiteTeam "Greece"]
[BlackTeam "Netherlands"]
[WhiteFideId "4201809"]
[BlackFideId "1039784"]
[EventDate "2019.10.24"]

1. Nf3 d5 2. d4 Nf6 3. c4 c6 4. cxd5 cxd5 5. Nc3 Nc6 6. Bf4 Bf5 7. e3 e6 8. Rc1
Nd7 9. Qb3 Qb6 10. Nb5 Bb4+ 11. Kd1 Rc8 12. Bd6 a6 13. Qxb4 axb5 14. Qxb5 f6 15.
Qxb6 Nxb6 16. Bb5 Kd7 17. Bc5 Nc4 18. Bxc4 dxc4 19. Rxc4 Be4 20. Rc3 Ra8 21. Nd2
Bd5 22. a3 b6 23. e4 bxc5 24. exd5 Nxd4 25. Rxc5 e5 26. Nc4 Rhb8 27. Re1 Ra6 28.
Re3 Nb3 29. Rc6 Rxc6 30. dxc6+ Kc7 31. Rc3 Rd8+ 32. Ke1 Nd4 33. Na5 f5 34. Rc5
e4 35. b4 f4 36. Re5 f3 37. Re7+ Kc8 38. gxf3 exf3 39. Kf1 Nc2 40. Rd7 Rxd7 41.
cxd7+ Kxd7 42. Nc4 Kc6 43. a4 Nxb4 44. Ne5+ Kb6 45. Nxf3 Nd5 46. Ng5 Nf6 47. Ne6
g6 48. Ke2 Ka5 49. Kf3 Kxa4 50. Kf4 Kb5 51. f3 Kc6 52. Kg5 Nd7 53. Kh6 Kd6 54.
Ng5 Ke5 55. Nxh7 Kf4 56. h4 Kxf3 57. Kxg6 Kg4 58. h5 Ne5+ 59. Kf6 Kxh5 60. Kxe5 1/2-1/2

[Event "22nd European Teams"]
[Site "Batumi GEO"]
[Date "2019.10.25"]
[Round "2.5"]
[Board "4"]
[White "Van Foreest, Lucas"]
[Black "Mastrovasilis, Athanasios"]
[Result "1/2-1/2"]
[WhiteTitle "GM"]
[BlackTitle "GM"]
[WhiteElo "2531"]
[BlackElo "2521"]
[WhiteTeam "Netherlands"]
[BlackTeam "Greece"]
[WhiteFideId "1039792"]
[BlackFideId "4201990"]
[EventDate "2019.10.24"]

1. e4 e5 2. Nf3 Nc6 3. Bb5 Nf6 4. O-O Nxe4 5. Re1 Nd6 6. Nxe5 Be7 7. Bf1 Nxe5 8.
Rxe5 O-O 9. Nc3 Ne8 10. Nd5 Bd6 11. Re1 c6 12. Ne3 Be7 13. Nf5 Bf6 14. Qe2 d5
15. Ne7+ Kh8 16. Nxc8 Qxc8 17. Qf3 Nc7 18. c3 Re8 19. Rxe8+ Qxe8 20. d4 Qe1 21.
g3 Re8 22. Kg2 Qe4 23. Qxe4 Rxe4 24. Bd2 Re8 25. a4 h6 26. h4 Ne6 27. b4 h5 28.
Rb1 g6 29. Be3 Rc8 30. Kf3 Kg8 31. Ke2 Be7 32. Bg2 a6 33. b5 axb5 34. axb5 Kf8
35. Kd3 Rd8 36. c4 dxc4+ 37. Kxc4 Bf6 38. d5 cxd5+ 39. Bxd5 Rc8+ 40. Kd3 Rc3+
41. Ke4 Nc5+ 42. Bxc5+ Rxc5 43. b6 Rc2 44. Bxb7 Rxf2 45. Ba6 Bd8 46. b7 Bc7 47.
b8=R+ Bxb8 48. Rxb8+ Kg7 49. Bc4 Rf5 50. Rb7 Rf2 51. Bd5 Rf1 52. Ke5 Rf5+ 53.
Kd6 Kf8 54. Rc7 Rf6+ 55. Kc5 Rf5 56. Ra7 Kg7 57. Ra4 Kf6 58. Kd6 Rf1 59. Rb4 Rf2
60. Rb3 Kg7 61. Ke5 Re2+ 62. Kf4 Rd2 63. Ke4 Rf2 64. Rf3 Rxf3 65. Kxf3 f6 66.
Kg2 Kh6 67. Kh3 Kg7 68. Bc6 Kh6 69. Be8 Kg7 70. Kh2 Kh7 71. Kg1 Kh6 72. Kg2 Kg7
73. Kf3 Kh6 74. Bxg6 Kxg6 75. Ke4 Kg7 76. Kd5 Kf7 77. Kd6 Kf8 78. Ke6 Kg7 79.
Ke7 Kg6 80. Ke6 Kg7 81. Ke7 Kg6 82. Ke6 Kg7 83. Ke7 1/2-1/2

[Event "22nd European Teams"]
[Site "Batumi GEO"]
[Date "2019.10.25"]
[Round "2.6"]
[Board "2"]
[White "Sebenik, Matej"]
[Black "Kuzubov, Yuriy"]
[Result "1/2-1/2"]
[WhiteTitle "GM"]
[BlackTitle "GM"]
[WhiteElo "2519"]
[BlackElo "2636"]
[WhiteTeam "Slovenia"]
[BlackTeam "Ukraine"]
[WhiteFideId "14602296"]
[BlackFideId "14112906"]
[EventDate "2019.10.24"]

1. d4 Nf6 2. c4 e6 3. Nf3 d5 4. Nc3 Nbd7 5. Bg5 h6 6. Bh4 Be7 7. e3 O-O 8. Rc1
a6 9. cxd5 exd5 10. Bd3 c6 11. Bg3 Nh5 12. Be5 g6 13. O-O Bf6 14. Bd6 Be7 15.
Be5 Bf6 16. Bd6 Be7 17. Be5 Bf6 1/2-1/2

[Event "22nd European Teams"]
[Site "Batumi GEO"]
[Date "2019.10.25"]
[Round "2.6"]
[Board "3"]
[White "Moiseenko, Alexander"]
[Black "Skoberne, Jure"]
[Result "1-0"]
[WhiteTitle "GM"]
[BlackTitle "GM"]
[WhiteElo "2635"]
[BlackElo "2567"]
[WhiteTeam "Ukraine"]
[BlackTeam "Slovenia"]
[WhiteFideId "14102560"]
[BlackFideId "14604299"]
[EventDate "2019.10.24"]

1. d4 d5 2. c4 c6 3. Nc3 Nf6 4. e3 a6 5. Nf3 b5 6. c5 g6 7. Be2 Bg7 8. Ne5 Nfd7
9. f4 Nxe5 10. fxe5 O-O 11. O-O Ra7 12. e4 b4 13. Na4 dxe4 14. Bc4 Rd7 15. Be3
Bxe5 16. dxe5 Rxd1 17. Raxd1 Qc7 18. Bh6 e6 19. Bxf8 Kxf8 20. Nb6 Ke7 21. Kh1
Nd7 22. Bxa6 Nxe5 23. Nxc8+ Kf8 24. Nd6 e3 25. Rde1 Qa7 26. Rxe3 Qxc5 27. Nxf7
Qxe3 28. Nxe5+ Kg7 29. Nf3 e5 30. Bc4 e4 31. Ng1 Qd4 32. b3 h5 33. h3 Kh6 34.
Ne2 Qb2 35. Ng3 Qe5 36. Ne2 Qb2 37. Kh2 Qxa2 38. Rf6 c5 39. Re6 Qc2 40. Nf4 Kg5
41. Nxg6 h4 42. Ne7 Qd2 43. Rg6+ Kh5 44. Rf6 Kg5 45. Rf5+ Kh6 46. Nd5 Qd4 47.
Rf4 Qe5 48. Kh1 Qa1+ 49. Rf1 Qd4 50. Nf4 Qf6 51. Nd5 Qd4 52. Nf6 Kg5 53. Ng4 Qd2
54. Ne5 Qd4 55. Ng4 Qd2 56. Nh2 Qd4 57. Re1 Kf4 58. Ng4 Kg5 59. Ne3 Qc3 60. Re2
Qa1+ 61. Kh2 Qe5+ 62. Kg1 Qd4 63. Kf1 Qf6+ 64. Kg1 Qd4 65. g3 hxg3 66. Kg2 Qf6
67. Kxg3 Qf4+ 68. Kg2 Kh4 69. Kg1 Qf3 70. Ng2+ Kg5 71. Kh2 Kh6 72. Re3 Qf5 73.
h4 Qe5+ 74. Kh3 Qf5+ 75. Kg3 Qe5+ 76. Nf4 Qd4 77. Re2 Qg7+ 78. Kh3 Qg1 79. Rg2
Qd1 80. Rg6+ Kh7 81. Rg3 Qd6 82. Kg4 Qe5 83. Ne6 Kg6 84. Kh3+ Kf6 85. Re3 Qa1
86. Nf4 Kf5 87. Ng2 Qd1 88. Re1 Qf3+ 89. Kh2 Qc3 90. Re3 Qd2 91. Rg3 Kf6 92. h5
Qd6 93. h6 Ke7 94. h7 Qe5 95. Nh4 Qh5 96. Kh3 Qxh7 97. Rg7+ 1-0

[Event "22nd European Teams"]
[Site "Batumi GEO"]
[Date "2019.10.25"]
[Round "2.6"]
[Board "4"]
[White "Subelj, Jan"]
[Black "Onischuk, Vladimir"]
[Result "1/2-1/2"]
[WhiteTitle "FM"]
[BlackTitle "GM"]
[WhiteElo "2398"]
[BlackElo "2616"]
[WhiteTeam "Slovenia"]
[BlackTeam "Ukraine"]
[WhiteFideId "14618583"]
[BlackFideId "14114038"]
[EventDate "2019.10.24"]

1. e4 e5 2. Nf3 Nc6 3. Bb5 Nf6 4. d3 Bc5 5. c3 O-O 6. O-O d6 7. Nbd2 a6 8. Bxc6
bxc6 9. d4 exd4 10. cxd4 Bb6 11. Qc2 Re8 12. e5 Nd5 13. Nc4 dxe5 14. dxe5 h6 15.
Be3 Bg4 16. Qe4 f5 17. Qc2 Bxf3 18. gxf3 Qh4 19. Nxb6 cxb6 20. Qxf5 Re7 21. Rae1
Rf8 22. Qg4 Qxg4+ 23. fxg4 Rxe5 24. Bd2 Rxe1 25. Rxe1 Rf3 26. Kf1 Kf7 27. Ke2
Rh3 28. Rh1 c5 29. f3 h5 30. gxh5 Ne7 31. h6 gxh6 32. Kf2 Nf5 33. Kg2 Rh4 34.
Bc3 Ne3+ 35. Kg3 Nf5+ 36. Kg2 Ne3+ 37. Kg3 Nf5+ 38. Kg2 1/2-1/2

[Event "22nd European Teams"]
[Site "Batumi GEO"]
[Date "2019.10.25"]
[Round "2.7"]
[Board "1"]
[White "Gledura, Benjamin"]
[Black "Grandelius, Nils"]
[Result "1/2-1/2"]
[WhiteTitle "GM"]
[BlackTitle "GM"]
[WhiteElo "2654"]
[BlackElo "2691"]
[WhiteTeam "Hungary"]
[BlackTeam "Sweden"]
[WhiteFideId "712779"]
[BlackFideId "1710400"]
[EventDate "2019.10.24"]

1. d4 Nf6 2. Nf3 d5 3. c4 e6 4. g3 Be7 5. Bg2 O-O 6. O-O c6 7. b3 b6 8. Bb2 Nbd7
9. Nc3 Ba6 10. Nd2 b5 11. cxd5 cxd5 12. a3 Rc8 13. Re1 Rc7 14. b4 Nb6 15. Nb3
Nc4 16. Bc1 Nd7 17. Bf4 Rc8 18. h4 f5 19. Nc5 Nxc5 20. bxc5 Bf6 21. Qd3 Qa5 22.
Bg5 Bb7 23. e3 Bc6 24. Reb1 a6 25. Bxf6 Rxf6 26. Na2 Be8 27. a4 f4 28. gxf4 Bg6
29. Qc3 Bxb1 30. Qxa5 Nxa5 31. Rxb1 Rb8 32. Bf1 Nc4 33. Rb4 Rff8 34. Nc3 bxa4
35. Rxa4 a5 36. Bxc4 dxc4 37. Rxa5 Ra8 38. Rxa8 Rxa8 39. Kf1 Ra3 40. Nb5 Ra5 41.
Nd6 c3 42. Ke2 Ra2+ 43. Kd1 Kf8 44. c6 c2+ 45. Kc1 Ra1+ 46. Kxc2 Ra6 47. Kd3
Rxc6 48. Ne4 Ke7 49. Ng3 Kf6 50. Ke4 Rc2 51. Kf3 Kg6 52. Ne4 Kf5 53. Ng3+ Kg6 1/2-1/2

[Event "22nd European Teams"]
[Site "Batumi GEO"]
[Date "2019.10.25"]
[Round "2.7"]
[Board "2"]
[White "Hillarp Persson, Tiger"]
[Black "Erdos, Viktor"]
[Result "1/2-1/2"]
[WhiteTitle "GM"]
[BlackTitle "GM"]
[WhiteElo "2550"]
[BlackElo "2604"]
[WhiteTeam "Sweden"]
[BlackTeam "Hungary"]
[WhiteFideId "1700812"]
[BlackFideId "719978"]
[EventDate "2019.10.24"]

1. c4 e5 2. Nc3 Bb4 3. Nd5 Bc5 4. Nf3 c6 5. Nc3 d6 6. e3 Qe7 7. d4 exd4 8. Nxd4
Nf6 9. Be2 O-O 10. O-O d5 11. cxd5 cxd5 12. Bf3 Rd8 13. b3 Nc6 14. Nce2 Ne5 15.
Bb2 Nxf3+ 16. gxf3 Bh3 17. Re1 Bb4 18. Nf4 Bxe1 19. Qxe1 Bc8 20. Kh1 a5 21. Qc3
Ne8 22. Rg1 f6 23. a4 Qf7 24. Qc5 Qc7 25. Qb5 Qd7 26. Qc5 Qc7 27. Qb5 Qd7 28.
Qd3 Qf7 29. h4 Bd7 30. Qc3 Rdc8 31. Qd2 Rd8 32. Qc3 Rdc8 33. Qd2 Rd8 34. Qc3 1/2-1/2

[Event "22nd European Teams"]
[Site "Batumi GEO"]
[Date "2019.10.25"]
[Round "2.7"]
[Board "3"]
[White "Banusz, Tamas"]
[Black "Westerberg, Jonathan"]
[Result "1/2-1/2"]
[WhiteTitle "GM"]
[BlackTitle "IM"]
[WhiteElo "2619"]
[BlackElo "2546"]
[WhiteTeam "Hungary"]
[BlackTeam "Sweden"]
[WhiteFideId "722413"]
[BlackFideId "1701754"]
[EventDate "2019.10.24"]

1. Nf3 d5 2. g3 Nd7 3. d4 Nb6 4. Bg2 Bf5 5. O-O e6 6. Nbd2 Be7 7. b3 h6 8. Bb2
Nf6 9. Ne5 O-O 10. Re1 c6 11. e4 dxe4 12. Nxe4 Nxe4 13. Bxe4 Bxe4 14. Rxe4 Nd7
15. Nxd7 Qxd7 16. Qf3 f5 17. Re2 Bf6 18. Rae1 Rfe8 19. c3 a5 20. Bc1 a4 21. b4
Re7 22. Bf4 Rae8 23. Be5 Qd5 24. Qe3 Kh7 25. Qd2 b5 26. Re3 Rf7 27. Qe2 Rfe7 28.
f4 Kg8 29. h3 Qc4 30. Qc2 Rd7 31. R1e2 Rd5 32. g4 Bxe5 33. Rxe5 c5 34. bxc5 Rxe5
35. Rxe5 fxg4 36. hxg4 b4 37. Qxa4 Rb8 38. Qb3 Qd3 39. Qxe6+ Kh8 40. Re3 Qd1+
41. Re1 Qf3 42. Re3 Qd1+ 43. Re1 Qf3 44. Re3 Qd1+ 1/2-1/2

[Event "22nd European Teams"]
[Site "Batumi GEO"]
[Date "2019.10.25"]
[Round "2.7"]
[Board "4"]
[White "Blomqvist, Erik"]
[Black "Prohaszka, Peter2"]
[Result "1/2-1/2"]
[WhiteTitle "GM"]
[BlackTitle "GM"]
[WhiteElo "2523"]
[BlackElo "2610"]
[WhiteTeam "Sweden"]
[BlackTeam "Hungary"]
[WhiteFideId "1709437"]
[BlackFideId "726265"]
[EventDate "2019.10.24"]

1. e4 c6 2. d4 d5 3. exd5 cxd5 4. Bd3 Nc6 5. c3 Nf6 6. Bf4 Bg4 7. Qb3 Qd7 8. Nd2
e6 9. Ngf3 Bd6 10. Bxd6 Qxd6 11. O-O O-O 12. Rfe1 Qc7 13. Ne5 Nxe5 14. dxe5 Nd7
15. Qb4 Bh5 16. Qh4 Bg6 17. Bxg6 fxg6 18. Nf3 Rae8 19. Nd4 a6 20. f3 Rf7 21. Re2
Nb8 22. Rd1 Nc6 23. Nxc6 bxc6 24. c4 Ref8 25. Qf2 Rf4 26. b3 g5 27. h3 h5 28.
Qg3 R8f5 29. Rc1 Rxe5 30. Rce1 Qa7+ 31. Qf2 Qxf2+ 32. Kxf2 Rxe2+ 33. Rxe2 Kf7
34. cxd5 cxd5 35. Rc2 Rb4 36. g4 hxg4 37. Rc7+ Kf6 38. hxg4 a5 39. Ra7 a4 40.
Rxa4 Rxa4 41. bxa4 Ke7 42. Ke3 Kd6 43. Kd4 Kc6 44. Kc3 Kc5 45. Kb3 d4 46. a3 e5
47. a5 Kb5 48. a6 Kxa6 49. Kb4 Kb6 50. a4 Kc7 51. a5 Kd6 52. Kc4 Kc6 53. Kb4 Kd5
54. Kb5 Kd6 55. Kc4 Kc7 56. Kb3 Kb7 57. Kc4 Kc7 58. Kb3 Kb8 59. Kc4 Ka7 60. Kb3
Kb7 61. Kc4 Ka6 62. Kb4 g6 63. Ka4 d3 64. Kb3 Kxa5 65. Kc3 Kb5 66. Kxd3 Kc5 67.
Ke4 Kd6 68. Ke3 Kd5 69. Kd3 Kd6 70. Ke4 Ke6 71. Ke3 Kd5 1/2-1/2

[Event "22nd European Teams"]
[Site "Batumi GEO"]
[Date "2019.10.25"]
[Round "2.8"]
[Board "3"]
[White "Blohberger, Felix"]
[Black "Alekseenko, Kirill"]
[Result "0-1"]
[WhiteTitle "IM"]
[BlackTitle "GM"]
[WhiteElo "2448"]
[BlackElo "2674"]
[WhiteTeam "Austria"]
[BlackTeam "Russia"]
[WhiteFideId "1632051"]
[BlackFideId "4135539"]
[EventDate "2019.10.24"]

1. e4 e5 2. Nf3 Nc6 3. Bb5 a6 4. Ba4 Nf6 5. O-O Be7 6. Re1 b5 7. Bb3 d6 8. a4 b4
9. a5 O-O 10. d3 Be6 11. Bxe6 fxe6 12. h3 Qb8 13. Be3 Nd8 14. Nbd2 c5 15. c3 Qb5
16. Qc2 Rb8 17. d4 b3 18. Qd1 c4 19. Qe2 Rc8 20. dxe5 dxe5 21. Nf1 Nb7 22. Bb6
Nh5 23. g3 Nf6 24. N3d2 Nd6 25. Kg2 Qc6 26. f3 Nd7 27. h4 Qb5 28. Ne3 Rc6 29.
Red1 Rfc8 30. Kf1 Nxb6 31. axb6 a5 32. Ra3 Nb7 33. Rxb3 Qa4 34. Nexc4 Rxc4 35.
Nxc4 Rxc4 36. Rd7 Qxd7 37. Qxc4 a4 38. Qc7 Qd1+ 39. Kg2 Qe2+ 40. Kh3 Qf1+ 41.
Kh2 Bc5 42. Qc8+ Kf7 0-1

[Event "22nd European Teams"]
[Site "Batumi GEO"]
[Date "2019.10.25"]
[Round "2.9"]
[Board "1"]
[White "Adams, Michael"]
[Black "Andersen, Mads"]
[Result "1/2-1/2"]
[WhiteTitle "GM"]
[BlackTitle "GM"]
[WhiteElo "2694"]
[BlackElo "2601"]
[WhiteTeam "England"]
[BlackTeam "Denmark"]
[WhiteFideId "400041"]
[BlackFideId "1413864"]
[EventDate "2019.10.24"]

1. e4 c5 2. Nf3 d6 3. d4 cxd4 4. Nxd4 Nf6 5. Nc3 a6 6. Be3 e6 7. g3 b5 8. Bg2
Bb7 9. O-O Qd7 10. b4 Qc7 11. Bd2 Nc6 12. Nxc6 Bxc6 13. a4 bxa4 14. Re1 Be7 15.
Nxa4 d5 16. exd5 Bxd5 17. c3 O-O 18. Be3 Qc6 19. Bf1 Rfb8 20. Bc5 Bxc5 21. Nxc5
a5 22. Qd4 axb4 23. cxb4 Rxa1 24. Rxa1 Qb6 25. Ra4 Ne4 26. h4 Nxc5 27. bxc5 Qb3
28. Bg2 Rc8 29. Ra7 h6 30. Qf4 Rf8 31. Rd7 Qb5 32. Rc7 Qb1+ 33. Kh2 Qc2 34. Bxd5
exd5 35. c6 Qc5 36. Qf5 Qb6 37. Rc8 g6 38. Rxf8+ Kxf8 39. Qc8+ Kg7 40. Kg2 Qb4
41. Qe8 Qc3 42. h5 gxh5 43. Qd7 Qc4 44. c7 Qe4+ 45. Kh2 Qc2 46. Kg1 Qb1+ 47. Kh2
Qc2 48. Kg2 1/2-1/2

[Event "22nd European Teams"]
[Site "Batumi GEO"]
[Date "2019.10.25"]
[Round "2.9"]
[Board "2"]
[White "Hansen, Sune Berg"]
[Black "McShane, Luke J"]
[Result "0-1"]
[WhiteTitle "GM"]
[BlackTitle "GM"]
[WhiteElo "2573"]
[BlackElo "2682"]
[WhiteTeam "Denmark"]
[BlackTeam "England"]
[WhiteFideId "1400266"]
[BlackFideId "404853"]
[EventDate "2019.10.24"]

1. d4 Nf6 2. c4 e6 3. g3 c5 4. d5 exd5 5. cxd5 b5 6. Nf3 Bb7 7. e4 Nxe4 8. Bg2
Be7 9. O-O O-O 10. Re1 Nd6 11. Bf4 Na6 12. Nc3 Nc7 13. Qe2 Re8 14. Qc2 Rc8 15.
Rad1 h6 16. Nh4 b4 17. Bxd6 Bxd6 18. Nf5 Bf8 19. d6 Bxg2 20. dxc7 Rxe1+ 21. Rxe1
Qxc7 22. Kxg2 bxc3 23. bxc3 d5 24. Qe2 Rd8 25. Qf3 Qd7 26. Rd1 g6 27. Ne3 d4 28.
cxd4 cxd4 29. Nc4 Rc8 30. Ne5 Qe6 31. Qb7 Rd8 32. Nf3 Qxa2 33. Qc7 Re8 34. Rd2
Qa3 35. Rxd4 Qc5 36. Qd7 Qc8 37. Qd5 Qa8 38. Qa2 a5 39. h4 Re6 40. Rf4 Bd6 41.
Rd4 Be7 42. Qc4 Bf6 43. Rd7 Qc6 44. Qxc6 Rxc6 45. Ra7 Bc3 46. Ng1 Re6 47. Nh3
Re2 48. Ra8+ Kg7 49. Nf4 Ra2 50. Kf3 Bd4 51. Ne2 Bc5 52. Rc8 Bd6 53. Rc4 a4 54.
Nc1 Ra1 55. Rc2 a3 56. Ke4 Rb1 57. Nd3 Rb6 58. Kd5 Kf6 59. g4 Be7 60. Ra2 Ra6
61. f4 Ra4 62. g5+ hxg5 63. hxg5+ Kf5 64. Ne5 Kxf4 65. Nxf7 Bxg5 66. Nd6 Ra5+
67. Kc4 Be7 68. Nb5 g5 69. Nc3 Rc5+ 70. Kd4 Rxc3 71. Kxc3 Bf6+ 72. Kd3 Bb2 0-1

[Event "22nd European Teams"]
[Site "Batumi GEO"]
[Date "2019.10.25"]
[Round "2.9"]
[Board "3"]
[White "Howell, David W L"]
[Black "Thybo, Jesper Sondergaard"]
[Result "1-0"]
[WhiteTitle "GM"]
[BlackTitle "IM"]
[WhiteElo "2694"]
[BlackElo "2550"]
[WhiteTeam "England"]
[BlackTeam "Denmark"]
[WhiteFideId "410608"]
[BlackFideId "1438832"]
[EventDate "2019.10.24"]

1. c4 e6 2. Nc3 d5 3. d4 Nf6 4. cxd5 Nxd5 5. Nf3 c5 6. e3 Be7 7. Bd3 Nc6 8. O-O
O-O 9. Qe2 cxd4 10. exd4 Bf6 11. Rd1 b6 12. Nxd5 exd5 13. Bxh7+ Kxh7 14. Qc2+
Kg8 15. Qxc6 Bg4 16. Qc3 Rc8 17. Qd3 Rc4 18. Be3 Bxf3 19. gxf3 Qd7 20. b3 Rc6
21. Rac1 Rfc8 22. Rxc6 Rxc6 23. Rc1 Rxc1+ 24. Bxc1 Qh3 25. Bf4 Qh7 26. Qd1 Qh4
27. Qd2 Qh7 28. Qd1 Qf5 29. Bg3 b5 30. Kg2 a6 31. Qd2 Kh7 32. h3 Kg6 33. Qd1 Kh7
34. a4 bxa4 35. bxa4 g6 36. Qd2 Qd7 37. Qb4 Be7 38. Qb8 Bf6 39. Qb6 Qe6 40. Qc5
Kg7 41. a5 Kh7 42. Qb6 Kg7 43. Bd6 Kh7 44. Bf4 Kg7 45. Bc7 Qe2 46. Bd8 Bxd8 47.
Qxd8 Qc4 48. Qb6 Qc1 49. Qd6 Qc4 50. Qe5+ Kg8 51. Qe8+ Kg7 52. Qe5+ Kg8 53. h4
Qb5 54. Qc7 Kg7 55. Kg3 Kg8 56. Kf4 Kg7 57. Qe5+ Kg8 58. Qc7 Qe2 59. Qd8+ Kg7
60. Qxd5 Qxf2 61. Qe5+ Kg8 62. Qe8+ Kg7 63. Qe5+ Kg8 64. Kg5 Qxf3 65. Kh6 Kf8
66. Qd6+ Ke8 67. Kg7 Qc3 68. Qf8+ Kd7 69. Qxf7+ Kc6 70. Qxg6+ Kb5 71. Qf5+ Ka4
72. Qe5 1-0

[Event "22nd European Teams"]
[Site "Batumi GEO"]
[Date "2019.10.25"]
[Round "2.9"]
[Board "4"]
[White "Schandorff, Lars"]
[Black "Pert, Nicholas"]
[Result "1/2-1/2"]
[WhiteTitle "GM"]
[BlackTitle "GM"]
[WhiteElo "2496"]
[BlackElo "2557"]
[WhiteTeam "Denmark"]
[BlackTeam "England"]
[WhiteFideId "1400070"]
[BlackFideId "403989"]
[EventDate "2019.10.24"]

1. d4 d5 2. c4 c6 3. cxd5 cxd5 4. Bf4 Nf6 5. Nc3 Nc6 6. e3 Bg4 7. Qb3 Na5 8.
Qa4+ Bd7 9. Bb5 e6 10. Nf3 a6 11. Bxd7+ Nxd7 12. O-O b5 13. Qd1 Be7 14. a4 b4
15. Ne2 O-O 16. Rc1 Rc8 17. Qd3 Qb6 18. b3 Qb7 19. h3 Rxc1 20. Rxc1 Rc8 21. Rc2
Rc6 22. Kf1 Qc8 23. Rxc6 Qxc6 24. Ne5 Nxe5 25. Bxe5 g6 26. Ke1 Kf8 27. Kd1 Ke8
28. Qc2 Kd7 29. Qxc6+ Nxc6 30. Bg3 f6 31. f3 e5 32. dxe5 fxe5 33. e4 Ke6 1/2-1/2

[Event "22nd European Teams"]
[Site "Batumi GEO"]
[Date "2019.10.25"]
[Round "2.10"]
[Board "1"]
[White "Djukic, Nikola"]
[Black "Nisipeanu, Liviu-Dieter"]
[Result "1/2-1/2"]
[WhiteTitle "GM"]
[BlackTitle "GM"]
[WhiteElo "2517"]
[BlackElo "2656"]
[WhiteTeam "Montenegro"]
[BlackTeam "Germany"]
[WhiteFideId "922412"]
[BlackFideId "1202758"]
[EventDate "2019.10.24"]

1. e4 e6 2. d4 d5 3. Nc3 Nf6 4. Bg5 dxe4 5. Nxe4 Nbd7 6. Nf3 h6 7. Nxf6+ Nxf6 8.
Bh4 c5 9. Ne5 Qa5+ 10. c3 cxd4 11. Qxd4 Bc5 12. Qf4 Bd6 13. Bg3 O-O 14. Be2 Nd7
15. Nc4 Bxf4 16. Nxa5 Bxg3 17. hxg3 Nf6 18. Nc4 Bd7 19. Ne5 Rfc8 20. Nxd7 Nxd7
21. Rh4 Kf8 22. O-O-O Rc7 23. Rc4 Rxc4 24. Bxc4 Ke7 25. Be2 Rc8 26. Kc2 Nf6 27.
Rd4 b6 28. Bf3 h5 29. g4 hxg4 30. Bxg4 g5 31. Be2 Rh8 32. Rc4 Kd6 33. Rd4+ Ke5
34. Ra4 Rh2 1/2-1/2

[Event "22nd European Teams"]
[Site "Batumi GEO"]
[Date "2019.10.25"]
[Round "2.10"]
[Board "2"]
[White "Bluebaum, Matthias"]
[Black "Kosic, Dragan"]
[Result "1/2-1/2"]
[WhiteTitle "GM"]
[BlackTitle "GM"]
[WhiteElo "2643"]
[BlackElo "2478"]
[WhiteTeam "Germany"]
[BlackTeam "Montenegro"]
[WhiteFideId "24651516"]
[BlackFideId "900290"]
[EventDate "2019.10.24"]

1. d4 Nf6 2. c4 e6 3. Nc3 Bb4 4. e3 c5 5. Ne2 cxd4 6. exd4 d5 7. c5 e5 8. a3
Bxc3+ 9. Nxc3 exd4 10. Qxd4 Nc6 11. Bb5 O-O 12. Bxc6 Qe7+ 13. Be3 bxc6 14. O-O
Ba6 15. Rfe1 Rfe8 16. f3 Bc4 17. b4 Nd7 18. Qd2 Qf6 19. Bd4 Qf5 20. Re3 Rxe3 21.
Qxe3 Nf8 22. Re1 Ne6 23. Qd2 Qd3 24. Qxd3 Bxd3 25. Rd1 Bc4 26. a4 a6 27. Be5 f6
28. Bd6 d4 29. Ne4 a5 30. Nd2 Bd3 31. bxa5 Rxa5 32. Nb3 Bc2 33. Nxa5 Bxd1 34.
Nxc6 Bxa4 35. Nb4 Nd8 36. Kf2 Nc6 37. Nxc6 Bxc6 38. Ke2 Bb5+ 39. Kd2 Kf7 40. c6
Bxc6 41. Bc5 1/2-1/2

[Event "22nd European Teams"]
[Site "Batumi GEO"]
[Date "2019.10.25"]
[Round "2.10"]
[Board "3"]
[White "Draskovic, Luka"]
[Black "Meier, Georg"]
[Result "1/2-1/2"]
[WhiteTitle "IM"]
[BlackTitle "GM"]
[WhiteElo "2460"]
[BlackElo "2628"]
[WhiteTeam "Montenegro"]
[BlackTeam "Germany"]
[WhiteFideId "944335"]
[BlackFideId "4675789"]
[EventDate "2019.10.24"]

1. e4 e6 2. d4 d5 3. Nd2 c5 4. Ngf3 cxd4 5. Nxd4 Nf6 6. exd5 Qxd5 7. Nb5 Na6 8.
Nc3 Qd6 9. a3 Bd7 10. Qf3 Bc6 11. Qg3 Nc5 12. Nb5 Qxg3 13. hxg3 Nd5 14. Nd4 Bd7
15. c4 Nf6 16. b4 Na4 17. N2b3 Bd6 18. Be2 b6 19. O-O Rc8 20. Re1 O-O 21. Bf1
Rfd8 22. Bf4 Be8 23. Bxd6 Rxd6 24. Rac1 Rdd8 25. Rc2 h5 26. Rec1 g6 27. c5 bxc5
28. bxc5 Nd5 29. Na5 Ndc3 30. Ndb3 Bb5 31. Rxc3 Nxc3 32. Rxc3 Rd1 33. Nc4 Ba4
34. Ne3 Bxb3 35. Nxd1 Bxd1 36. c6 Rc7 37. Bb5 Bg4 38. Rd3 Kf8 39. f3 Bf5 40.
Rd8+ Ke7 41. Rd2 e5 42. Kf2 Be6 43. Ke3 Bb3 44. Rd3 Bc2 45. Rd2 Bb3 46. Rd3 Bc2
47. Rd2 1/2-1/2

[Event "22nd European Teams"]
[Site "Batumi GEO"]
[Date "2019.10.25"]
[Round "2.10"]
[Board "4"]
[White "Svane, Rasmus"]
[Black "Kalezic, Blazo"]
[Result "1-0"]
[WhiteTitle "GM"]
[BlackTitle "IM"]
[WhiteElo "2592"]
[BlackElo "2455"]
[WhiteTeam "Germany"]
[BlackTeam "Montenegro"]
[WhiteFideId "4657101"]
[BlackFideId "921815"]
[EventDate "2019.10.24"]

1. e4 e6 2. d4 d5 3. Nd2 a6 4. Bd3 c5 5. dxc5 Bxc5 6. Ngf3 Nf6 7. O-O O-O 8. e5
Nfd7 9. Nb3 Be7 10. c3 Nc6 11. Re1 Re8 12. Bf4 Nf8 13. Qe2 Bd7 14. Rad1 a5 15.
Nbd4 a4 16. a3 Na5 17. g3 Rc8 18. h4 f5 19. exf6 gxf6 20. Bh6 Kh8 21. Nh2 Bc5
22. Qh5 Re7 23. Qf3 Bxd4 24. cxd4 Rf7 25. Ng4 Qe7 26. Ne3 Bc6 27. Bf4 Qd7 28.
Ng4 Qd8 29. Bg5 Kg7 30. Bh6+ Kh8 31. Bxf8 Qxf8 32. Rxe6 Bd7 33. Re2 Bxg4 34.
Qxg4 Rg7 35. Qf4 Nc4 36. Rde1 Rd8 37. h5 Rf7 38. h6 b5 39. Re6 Rb8 40. R1e2 Rd8
41. Kg2 Ra8 42. Qf5 Qxh6 43. Re8+ Rxe8 44. Rxe8+ Kg7 45. Qc8 Qh5 46. Be2 1-0